Medzinárodné humanitárne právo bakalárska práca

Uložené v:
Podrobná bibliografia
Hlavný autor: Kuljovský, Branislav
Korporativný autor: Fakulta medzinárodných vzťahov EU. Katedra medzinárodného práva
Ďalší autori: Kapronczai, Ivana
Médium: Kniha
Jazyk:Slovak
Vydavateľské údaje: Bratislava 2010
Tagy: Pridať tag
Žiadne tagy, Buďte prvý, kto otaguje tento záznam!

MARC

LEADER 00000nam$a2200000$$$4500
001 0136930
005 20240320074243.4
041 0 |a slo 
044 |a SK 
245 1 0 |a Medzinárodné humanitárne právo  |b bakalárska práca  |c Branislav Kuljovský ; školiteľ: Ivana Kapronczai 
264 1 |a Bratislava  |c 2010 
300 |a 38 s. 
100 1 |a Kuljovský, Branislav 
700 1 |a Kapronczai, Ivana 
710 2 |a Fakulta medzinárodných vzťahov EU. Katedra medzinárodného práva